000 00544nam a2200229Ia 4500
003 OSt
005 20220912144001.0
006 a|||||r|||| 00| 0
007 ta
008 220909b |||||||| |||| 00| 0 eng d
024 _a197907
037 _cTextual
040 _beng
041 _aeng
082 _aB28930bX:8D, N8
100 _aChandra P
245 0 _aFundamentals of financial management
260 _c1999
300 _axvii,A.9
_ccm
942 _hB28930bX:8D, N8
_cTEXL
_2CC
999 _c17
_d17